Detalles MARC
| 000 -LÍDER |
| Campo fijo de descripción fija |
03015nam a2200361 i 4500 |
| 001 - NÚMERO DE CONTROL |
| Campo de control |
768714001 |
| 003 - IDENTIFICADOR DEL NÚMERO DE CONTROL |
| Campo de control |
CO-MdFUSB |
| 005 - FECHA Y HORA DE LA ULTIMA TRANSACCIÓN |
| control field |
20220323102621.0 |
| 008 - ELEMENTOS DE LONGITUD FIJA -- INFORMACIÓN GENERAL |
| Campo fijo de descripción fija -- Información general |
220211t1995 gt ||||g |||| 001 0bspa d |
| 020 ## - NÚMERO INTERNACIONAL NORMALIZADO PARA LIBROS |
| Información adicional |
[No incluye ISBN] |
| 040 ## - FUENTE DE CATALOGACIÓN |
| Agencia de catalogación original |
CO-MdFUSB |
| Idioma de catalogación |
spa |
| Agencia que realiza la transcripción |
CO-MdFUSB |
| Agencia que realiza la modificación |
CO-MdFUSBC |
| Convenciones de la descripción |
rda |
| 041 ## - CÓDIGO DE IDIOMA |
| Código de idioma para texto/pista de sonido o título separado |
spa |
| 082 ## - NÚMERO DE CLASIFICACIÓN DECIMAL DEWEY |
| Número de la edición del Dewey |
23 |
| Número de clasificación |
248 |
| Clave de autor-Numero de item |
V434 |
| 100 ## - ASIENTO PRINCIPAL--NOMBRE PERSONAL |
| Nombre personal |
Velásquez-Villada, Carlos. |
| Término relacionador |
autor |
| 245 1# - TÍTULO |
| Título del Material |
Viviendo por principios : |
| Parte restante del título - Subtitulo |
la conducta normal del discípulo en el reino de Dios. |
| Mención de responsabilidad, etc. |
/ Carlos E. Velásquez |
| 264 #1 - PRODUCCIÓN, PUBLICACIÓN, DISTRIBUCIÓN, MANUFACTURA, Y COPYRIGHT |
| Lugar de producción, publicación, distribución, manufactura |
Guatemala : |
| Nombre del productor, publicador, distribuidor |
Gamma, |
| Fecha de producción, publicación, distribución, manufactura, o copyright |
[1995] |
| 264 #4 - PRODUCCIÓN, PUBLICACIÓN, DISTRIBUCIÓN, MANUFACTURA, Y COPYRIGHT |
| Fecha de producción, publicación, distribución, manufactura, o copyright |
© 1995 |
| 300 ## - DESCRIPCIÓN FÍSICA |
| Extensión |
244 páginas |
| Dimensiones |
; 21 cm |
| 336 ## - TIPO DE CONTENIDO |
| Fuente |
rdacontent |
| Término de tipo de contenido |
texto |
| Código de tipo de contenido |
txt |
| 337 ## - TIPO DE MEDIO |
| Fuente |
rdamedia |
| Nombre del tipo de medio |
sin mediación |
| Código del tipo de medio |
n |
| 338 ## - TIPO DE SOPORTE |
| Fuente |
rdacarrier |
| Nombre del tipo de soporte |
volumen |
| Código Tipo de soporte |
nc |
| 505 ## - NOTA DE CONTENIDO |
| Información miscelánea |
Primera parte. |
| Título |
Propósito y visión: |
| Nota de contenido con formato preestablecido |
Capitulo 1. ¿Qué es propósito? -- Capitulo 2. La visión de Dios. -- Capitulo 3. La unidad de la Iglesia. -- Capitulo 4. La predicación del evangelio. -- Capitulo 5. El propósito eterno de Dios. -- Capitulo 6. ¿Cómo ser para la Gloria de Dios? |
| 505 ## - NOTA DE CONTENIDO |
| Información miscelánea |
Segunda parte. |
| Título |
Orden de gobierno: |
| Nota de contenido con formato preestablecido |
Capitulo 1. Dios es la autoridad final y absoluta. -- Capitulo 2. Dios es el creador, sustentador y redentor de todo. -- Capitulo 3. La autoridad civil y la autoridad eclesiástica. -- Capitulo 4. Beneficios de respetar la autoridad. Capitulo 5. La base o fundamento de la doctrina de la iglesia es apostólica. |
| 505 ## - NOTA DE CONTENIDO |
| Información miscelánea |
Tercera parte. |
| Título |
Identidad espiritual: |
| Nota de contenido con formato preestablecido |
Capitulo 1. Las grandes incógnitas del hombre. -- Capitulo 2. ¿Cómo se adquiere la identidad? -- Capitulo 3. Herramientas o medios para establecer nuestra identidad. -- Capitulo 4. Diferencia entre identidad y función. -- Capitulo 5. Resumen y complemento de los elementos anteriores. |
| 505 ## - NOTA DE CONTENIDO |
| Información miscelánea |
Cuarta parte. |
| Título |
Pacto y compromiso: |
| Nota de contenido con formato preestablecido |
Capitulo 1. Entendiendo el principio del pacto (Unión y unión). -- Capitulo 2. El pacto de Dios. -- Capitulo 3. La importancia del pacto. -- Capitulo 4. La relación del pacto de Dios entre los hombres. -- Capitulo 5. El pacto es la expresión física de la sangre de cristo. |
| 505 ## - NOTA DE CONTENIDO |
| Información miscelánea |
Quinta parte. |
| Título |
Multitud de consejo: |
| Nota de contenido con formato preestablecido |
Capitulo 1. Os es necesario nacer de nuevo. -- Capitulo 2. El consejo de Dios. -- Capitulo 3. Importancia del consejo. |
| 505 ## - NOTA DE CONTENIDO |
| Información miscelánea |
Sexta parte. |
| Título |
Transparencia: |
| Nota de contenido con formato preestablecido |
Capitulo 1. ¿Qué es la transparencia? -- Capitulo 2. Las dos simientes. -- Capitulo 3. Quitando hojas de la higuera. |
| 505 ## - NOTA DE CONTENIDO |
| Información miscelánea |
Séptima parte. |
| Título |
Entrenando el alma: |
| Nota de contenido con formato preestablecido |
Capitulo 1. La naturaleza del hombre: espíritu, alma y cuerpo. -- Capitulo 2. Diferencia entre el Nuevo Testamento y el proceso del sabor del alma. -- Capitulo 3. ¿Cómo prospera el alma ? -- Capitulo 4. La salvación del alma, centro de atención de la biblia. Capitulo 5. La necesidad de ser realista y ponernos de acuerdo con Dios. -- Capitulo 6. Repitiendo el proceso. -- Capitulo 7. El entrenamiento del alma de Jesús. |
| 563 ## - NOTA DE ENCUADERNACIÓN |
| Nota de encuadernación |
Rústica |
| 650 #0 - ASIENTO SECUNDARIO DE MATERIA - TERMINO TEMÁTICO |
| 9 (RLIN) |
19 |
| Término temático o nombre geográfico como elemento de entrada |
Vida cristiana |
| 942 ## - TIPO DE MATERIAL (KOHA) |
| Tipo de Item KOHA |
Libros General |
| 945 ## - INFORMACIÓN LOCAL DEL REGISTRO |
| Catalogador |
Dani |